000 00692nam a22002057a 4500
999 _c16233
_d16233
003 AR-CdUCM
008 190502b ||||| |||| 00| 0 spa d
040 _aMUNICIPALIDAD PROVINCIAL DEL CUSCO
_cBIBLIOTECA MUNICIPAL DEL CUSCO
082 _a869.56 /
_bV2116
100 _aValenzuela Zea, Waldo
_96810
245 _aLos tambores de Saqsaywaman /
260 _aCusco :
_c2008.
300 _a441 páginas ;
_c21 cm.
505 _aContenido:Exordio -- Astowilka y kusirimay -- Genesis del Intiq churin -- Rescate de Kusirimay...
650 _aNovelas peruanas
_9545
650 _aNovelas históricas
_99696
650 _aKusirimay
_935556
942 _2ddc
_cLIBROS
945 _adavv
_d02/05/2019